[Event "World Teams 2013"]
[Site "Antalya TUR"]
[Date "2013.11.29"]
[Round "4.1"]
[White "Akobian, Varuzhan"]
[Black "Labib, Ibrahim Hasan"]
[Result "1-0"]
[WhiteTitle "GM"]
[BlackTitle "IM"]
[WhiteElo "2625"]
[BlackElo "2411"]
[WhiteTeam "USA"]
[BlackTeam "Egypt"]
[WhiteFideId "13300580"]
[BlackFideId "10600426"]
[EventDate "2013.11.26"]

1. d4 Nf6 2. c4 e6 3. Nc3 Bb4 4. Qc2 O-O 5. a3 Bxc3+ 6. Qxc3 Qe8 7. f3 d6 8. Bg5
Nfd7 9. O-O-O a5 10. e4 e5 11. Ne2 a4 12. g4 Nc6 13. h4 exd4 14. Nxd4 Nxd4 15.
Qxd4 Nc5 16. Kb1 Bd7 17. Be3 b5 18. Qc3 Nb3 19. h5 f6 20. h6 g6 21. cxb5 Rf7 1-0

[Event "World Teams 2013"]
[Site "Antalya TUR"]
[Date "2013.11.29"]
[Round "4.2"]
[White "Li, Chao b"]
[Black "Aronian, Levon"]
[Result "0-1"]
[WhiteTitle "GM"]
[BlackTitle "GM"]
[WhiteElo "2679"]
[BlackElo "2801"]
[WhiteTeam "China"]
[BlackTeam "Armenia"]
[WhiteFideId "8604436"]
[BlackFideId "13300474"]
[EventDate "2013.11.26"]

1. d4 d5 2. c4 e6 3. Nf3 Nf6 4. g3 c5 5. Bg2 cxd4 6. O-O Bc5 7. Nxd4 dxc4 8. Nc2
O-O 9. Be3 Qe7 10. Bxc5 Qxc5 11. Qd4 Qxd4 12. Nxd4 Nc6 13. Rd1 Rb8 14. Nxc6 bxc6
15. Rd2 Ba6 16. Nc3 Rfc8 17. Rc1 Kf8 18. Na4 c5 19. e4 Rb4 20. Nc3 Rcb8 21. Nd1
g5 22. e5 Ng4 23. f4 gxf4 24. gxf4 c3 25. Rxc3 Rxf4 26. Rxc5 Rf5 27. Rc7 Rxe5
28. Bf3 Rg5 29. Kh1 Rb4 30. Rg2 h5 31. Rxa7 Bf1 32. Rg3 Nxh2 33. Rxg5 Nxf3 34.
Ra8+ Ke7 35. Ra7+ Kd6 0-1

[Event "World Teams 2013"]
[Site "Antalya TUR"]
[Date "2013.11.29"]
[Round "4.2"]
[White "Movsesian, Sergei"]
[Black "Ding, Liren"]
[Result "0-1"]
[WhiteTitle "GM"]
[BlackTitle "GM"]
[WhiteElo "2700"]
[BlackElo "2711"]
[WhiteTeam "Armenia"]
[BlackTeam "China"]
[WhiteFideId "310204"]
[BlackFideId "8603677"]
[EventDate "2013.11.26"]

1. c4 g6 2. d4 Nf6 3. Nc3 Bg7 4. e4 d6 5. h3 O-O 6. Bg5 c5 7. d5 e6 8. Bd3 exd5
9. exd5 Nbd7 10. Nf3 Re8+ 11. Kf1 Ne5 12. Nxe5 Rxe5 13. Qd2 b5 14. Nxb5 Ne4 15.
Bxe4 Rxg5 16. f4 Rg3 17. Qf2 Qh4 18. Rd1 Bh6 19. Nc3 Bxf4 20. Ne2 Bg4 21. Bf3
Bf5 22. Nxf4 Qxf4 23. Be4 Qg5 24. h4 Qg4 25. Bf3 Qxc4+ 26. Kg1 Qf4 27. Be4 Qxf2+
28. Kxf2 Rg4 29. Bxf5 Rf4+ 30. Kg3 Rxf5 31. Rhe1 Rb8 32. Rd2 Kf8 33. Re3 a5 34.
Ra3 Rb5 35. Ra4 h5 36. b3 Kg7 37. Kh3 Kf6 38. g3 Ke5 39. Kg2 f6 40. Ra3 Ke4 41.
Rd1 g5 42. Ra4+ Ke5 43. Ra3 g4 44. b4 Rxb4 0-1

[Event "World Teams 2013"]
[Site "Antalya TUR"]
[Date "2013.11.29"]
[Round "4.2"]
[White "Bu, Xiangzhi"]
[Black "Akopian, Vladimir"]
[Result "1-0"]
[WhiteTitle "GM"]
[BlackTitle "GM"]
[WhiteElo "2683"]
[BlackElo "2681"]
[WhiteTeam "China"]
[BlackTeam "Armenia"]
[WhiteFideId "8601445"]
[BlackFideId "13300032"]
[EventDate "2013.11.26"]

1. Nf3 c5 2. c4 Nf6 3. g3 Nc6 4. Bg2 d6 5. Nc3 g6 6. O-O Bg7 7. d4 cxd4 8. Nxd4
Bd7 9. b3 O-O 10. Nc2 Rc8 11. Bd2 Be6 12. e4 Qd7 13. Qe2 Bh3 14. Rad1 h5 15. f3
a6 16. Bf4 Bxg2 17. Kxg2 h4 18. Bg5 h3+ 19. Kh1 Nh7 20. Bd2 b5 21. cxb5 axb5 22.
Nd5 Qb7 23. Be3 Nf6 24. Nf4 Ne5 25. Bd4 Ned7 26. Bxf6 Nxf6 27. Nxh3 Rc5 28. Nb4
Bh6 29. Nf2 Rfc8 30. Kg2 Kf8 31. Rfe1 Rc3 32. Rd3 R3c5 33. f4 g5 34. fxg5 Rxg5
35. Qf3 Bg7 36. h4 Rgc5 37. Re2 Qa7 38. Rd1 Rc3 39. Nfd3 Qd7 40. Nd5 Nxd5 41.
exd5 Rc2 42. Rdd2 Rxd2 43. Rxd2 Rc3 44. Rf2 Bf6 45. g4 Rxd3 46. Qxd3 Qxg4+ 47.
Qg3 Qe4+ 48. Qf3 Qxh4 49. Rc2 Be5 50. Kf1 Qh7 51. Rc8+ Kg7 52. Qg2+ Kf6 53. Qf2+
Kg7 54. Qg2+ Kf6 55. Rc2 Qd3+ 56. Re2 Kf5 57. Qf2+ Kg4 58. Qe3 Qb1+ 59. Kg2 f5
60. a4 bxa4 61. bxa4 f4 62. Qe4 Qb3 63. Kh1 Qd1+ 64. Re1 Qf3+ 65. Qxf3+ Kxf3 66.
a5 Bc3 67. a6 1-0

[Event "World Teams 2013"]
[Site "Antalya TUR"]
[Date "2013.11.29"]
[Round "4.2"]
[White "Sargissian, Gabriel"]
[Black "Yu, Yangyi"]
[Result "1/2-1/2"]
[WhiteTitle "GM"]
[BlackTitle "GM"]
[WhiteElo "2676"]
[BlackElo "2668"]
[WhiteTeam "Armenia"]
[BlackTeam "China"]
[WhiteFideId "13300881"]
[BlackFideId "8603820"]
[EventDate "2013.11.26"]

1. d4 Nf6 2. c4 e6 3. Nf3 d5 4. Nc3 Bb4 5. Bg5 h6 6. Bxf6 Qxf6 7. Qa4+ Nc6 8. e3
O-O 9. Be2 dxc4 10. O-O Rd8 11. Bxc4 Qg6 12. Rfd1 Bd7 13. Qb3 Bd6 14. Bd3 Qh5
15. Be2 Qg6 16. Nb5 Rab8 17. Rac1 Na5 18. Qc3 Nc6 19. Nxd6 cxd6 20. Qa3 d5 21.
b4 a6 22. Qb2 f6 23. a4 Na5 24. b5 axb5 25. axb5 Rdc8 26. b6 Nc4 27. Qb4 Rc6 28.
Bxc4 Rbc8 29. Nd2 dxc4 30. Rc3 e5 31. Nf1 Bg4 32. Rdc1 Bf3 33. Ng3 exd4 34. Rxc4
d3 35. Rxc6 Rxc6 36. Rxc6 Bxc6 37. f3 Qf7 38. Qc3 Qd5 39. Nf1 Qb5 40. Nd2 Qxb6
41. Qxd3 Qc5 42. Kf2 Bd5 43. Nb3 Bxb3 44. Qxb3+ Kh8 45. Qxb7 Qc2+ 46. Kg3 Qg6+
47. Kf2 Qc2+ 48. Kg3 Qg6+ 1/2-1/2

[Event "World Teams 2013"]
[Site "Antalya TUR"]
[Date "2013.11.29"]
[Round "4.3"]
[White "Mamedov, Rauf"]
[Black "Kramnik, Vladimir"]
[Result "1/2-1/2"]
[WhiteTitle "GM"]
[BlackTitle "GM"]
[WhiteElo "2647"]
[BlackElo "2793"]
[WhiteTeam "Azerbaijan"]
[BlackTeam "Russia"]
[WhiteFideId "13401653"]
[BlackFideId "4101588"]
[EventDate "2013.11.26"]

1. e4 e5 2. Nc3 Nf6 3. g3 d5 4. exd5 Nxd5 5. Bg2 Nf6 6. Nf3 Nc6 7. O-O Bc5 8. d3
O-O 9. Be3 Bb6 10. Re1 Re8 11. h3 h6 12. g4 Ba5 13. Bd2 Bd7 14. a3 Rb8 15. b4
Bb6 16. Na4 Nd4 17. Nxb6 Nxf3+ 18. Qxf3 cxb6 19. Qg3 Rc8 20. Rac1 Bc6 21. Rxe5
Rxe5 22. Qxe5 Bxg2 23. Kxg2 Qd7 24. Qf5 Qxf5 25. gxf5 b5 26. Rg1 Rd8 27. Kf3 Kf8
28. Be3 b6 29. Ke2 Rd5 30. c4 Rxf5 31. Rc1 Ke7 32. a4 bxa4 33. Ra1 b5 34. Bxa7
Kd7 35. cxb5 Rxb5 36. Rxa4 Nd5 37. Bd4 g5 38. Ra7+ Ke8 39. Ra8+ Kd7 40. Ra7+ Ke8
41. Ra8+ Kd7 1/2-1/2

[Event "World Teams 2013"]
[Site "Antalya TUR"]
[Date "2013.11.29"]
[Round "4.3"]
[White "Karjakin, Sergey"]
[Black "Safarli, Eltaj"]
[Result "1-0"]
[WhiteTitle "GM"]
[BlackTitle "GM"]
[WhiteElo "2756"]
[BlackElo "2653"]
[WhiteTeam "Russia"]
[BlackTeam "Azerbaijan"]
[WhiteFideId "14109603"]
[BlackFideId "13402129"]
[EventDate "2013.11.26"]

1. e4 c5 2. Nf3 e6 3. d4 cxd4 4. Nxd4 Nc6 5. Nc3 Qc7 6. Be3 a6 7. Qd2 Nf6 8.
O-O-O Be7 9. f3 b5 10. Kb1 Nxd4 11. Bxd4 b4 12. Na4 Rb8 13. Qf2 O-O 14. Nb6 e5
15. Be3 d6 16. Nxc8 Qxc8 17. b3 Ne8 18. Bc4 Nc7 19. Rd3 Nb5 20. Bxb5 axb5 21.
Rc1 f5 22. exf5 Ra8 23. g4 d5 24. c3 Qb7 25. Bc5 e4 26. Bxe7 Qxe7 27. fxe4 dxe4
28. Re3 Rac8 29. Qe2 Rxc3 30. Rxe4 Rxc1+ 31. Kxc1 Qd7 32. Kb1 Qd6 33. Re8 h5 34.
gxh5 Qd7 35. Qe6+ Qxe6 36. Rxf8+ Kxf8 37. fxe6 Ke7 38. Kc2 Kxe6 39. Kd3 Kd5 40.
Ke3 Ke5 41. h3 1-0

[Event "World Teams 2013"]
[Site "Antalya TUR"]
[Date "2013.11.29"]
[Round "4.3"]
[White "Mamedov, Nidjat"]
[Black "Grischuk, Alexander"]
[Result "1/2-1/2"]
[WhiteTitle "GM"]
[BlackTitle "GM"]
[WhiteElo "2616"]
[BlackElo "2785"]
[WhiteTeam "Azerbaijan"]
[BlackTeam "Russia"]
[WhiteFideId "13400819"]
[BlackFideId "4126025"]
[EventDate "2013.11.26"]

1. e4 e5 2. Nf3 Nc6 3. Bb5 Nf6 4. O-O Nxe4 5. Re1 Nd6 6. Nxe5 Be7 7. Bf1 Nxe5 8.
Rxe5 O-O 9. d4 Bf6 10. Re1 Re8 11. c3 Rxe1 12. Qxe1 Ne8 13. Bf4 d5 14. Bd3 g6
15. Nd2 Ng7 16. Nf3 Bf5 17. Bxf5 Nxf5 18. Qe2 c6 19. Re1 Ng7 20. Be5 Ne6 21.
Bxf6 Qxf6 22. Ne5 Re8 23. Ng4 Qd8 24. Qe5 Ng7 25. Qxe8+ Nxe8 26. Rxe8+ Qxe8 27.
Nf6+ Kf8 28. Nxe8 Kxe8 29. Kf1 Ke7 30. Ke2 Ke6 1/2-1/2

[Event "World Teams 2013"]
[Site "Antalya TUR"]
[Date "2013.11.29"]
[Round "4.3"]
[White "Vitiugov, Nikita"]
[Black "Guseinov, Gadir"]
[Result "1/2-1/2"]
[WhiteTitle "GM"]
[BlackTitle "GM"]
[WhiteElo "2741"]
[BlackElo "2607"]
[WhiteTeam "Russia"]
[BlackTeam "Azerbaijan"]
[WhiteFideId "4152956"]
[BlackFideId "13401378"]
[EventDate "2013.11.26"]

1. d4 Nf6 2. c4 g6 3. Nc3 Bg7 4. e4 d6 5. f3 O-O 6. Nge2 c5 7. d5 e6 8. Ng3 exd5
9. cxd5 a6 10. a4 h5 11. Bg5 Qb6 12. Qd2 Nh7 13. a5 Qc7 14. Bh4 Nd7 15. Be2 b5
16. axb6 Qxb6 17. O-O Rb8 18. Ra2 Re8 19. Nh1 Qb4 20. Nf2 Ne5 21. Bg3 f5 22. Qd1
Nc4 23. Nd3 Qb3 24. Qxb3 Rxb3 25. Rc1 fxe4 26. Nxc5 Rxb2 27. Rxb2 Nxb2 28. N5xe4
Bd7 29. Bxa6 Ra8 30. Bb5 Bxb5 31. Nxb5 Ra5 32. Nexd6 Nf6 33. Nc7 Nxd5 34. Ne6
Nc3 35. Kh1 Nd3 36. Rf1 Ne2 37. Nxg7 Nxg3+ 38. hxg3 Kxg7 39. Rb1 Ra2 40. Rb7+
Kf8 41. Rb1 Ke7 42. Ne4 Nf2+ 43. Kh2 Nxe4 44. Re1 Ra4 45. Rxe4+ Rxe4 46. fxe4
Kf6 47. g4 Ke5 48. Kg3 Kxe4 49. gxh5 gxh5 50. Kh4 Kf4 51. Kxh5 Kg3 1/2-1/2

[Event "World Teams 2013"]
[Site "Antalya TUR"]
[Date "2013.11.29"]
[Round "4.4"]
[White "Korobov, Anton"]
[Black "Meier, Georg"]
[Result "1/2-1/2"]
[WhiteTitle "GM"]
[BlackTitle "GM"]
[WhiteElo "2713"]
[BlackElo "2623"]
[WhiteTeam "Ukraine"]
[BlackTeam "Germany"]
[WhiteFideId "14105730"]
[BlackFideId "4675789"]
[EventDate "2013.11.26"]

1. d4 Nf6 2. c4 e6 3. Nf3 d5 4. Nc3 Be7 5. Bg5 h6 6. Bh4 O-O 7. e3 b6 8. Be2 Bb7
9. Bxf6 Bxf6 10. cxd5 exd5 11. O-O Re8 12. Qb3 c6 13. Rfe1 Nd7 14. Rad1 g6 15.
e4 Nf8 16. e5 Bg7 17. Bd3 Ne6 18. Bb1 Qe7 19. Qc2 Red8 20. h4 h5 21. Qd2 Re8 22.
Ng5 Nxg5 23. hxg5 Qe6 24. f4 Qg4 25. Qf2 Rad8 26. b4 Bf8 27. a3 c5 28. bxc5 bxc5
29. dxc5 Qc8 30. Nb5 Bxc5 31. Nd4 Qg4 32. Bd3 Rxe5 33. Be2 Rxe2 34. Rxe2 Bc8 35.
Qf3 Qh4 36. Qf2 Qxf2+ 37. Kxf2 Bg4 38. Rc2 Bb6 39. Rdd2 Re8 40. Kg3 Re3+ 41. Nf3
d4 42. a4 d3 43. Rb2 Ba5 44. Rd1 Bxf3 45. gxf3 Be1+ 46. Kg2 d2 47. Rdxd2 Bxd2
48. Rxd2 Ra3 49. Rd4 Kf8 50. Re4 a5 51. Kg3 Ra2 52. Rd4 Ke7 53. Re4+ Kd6 54.
Rd4+ Ke6 55. Re4+ 1/2-1/2

[Event "World Teams 2013"]
[Site "Antalya TUR"]
[Date "2013.11.29"]
[Round "4.4"]
[White "Fridman, Daniel"]
[Black "Moiseenko, Alexander"]
[Result "1/2-1/2"]
[WhiteTitle "GM"]
[BlackTitle "GM"]
[WhiteElo "2600"]
[BlackElo "2709"]
[WhiteTeam "Germany"]
[BlackTeam "Ukraine"]
[WhiteFideId "11600454"]
[BlackFideId "14102560"]
[EventDate "2013.11.26"]

1. d4 Nf6 2. c4 e6 3. Nf3 d5 4. Nc3 Bb4 5. Qb3 c5 6. dxc5 Nc6 7. Bg5 Qa5 8. Bxf6
dxc4 9. Qxc4 gxf6 10. Rc1 Qxc5 11. Qh4 Ke7 12. g3 Bd7 13. Bg2 Bxc3+ 14. Rxc3 Qb4
15. Qxb4+ Nxb4 16. a3 Nc6 17. e3 Rac8 18. O-O Na5 19. Rfc1 Rxc3 20. Rxc3 Rc8 21.
Rxc8 Bxc8 22. Nd2 b6 23. Kf1 h6 24. Ke1 Bb7 25. Bxb7 Nxb7 26. Ke2 Nc5 27. b4 Nd7
28. e4 b5 29. Nb3 Nb6 30. Nd4 a6 31. Nc6+ Kd6 32. Na5 f5 33. exf5 exf5 34. Nb7+
Kd5 35. Nc5 Nc4 36. Nxa6 Kd4 37. Kf3 Ke5 38. Ke2 Kd4 39. Kf3 Ke5 40. Ke2 1/2-1/2

[Event "World Teams 2013"]
[Site "Antalya TUR"]
[Date "2013.11.29"]
[Round "4.4"]
[White "Kryvoruchko, Yuriy"]
[Black "Baramidze, David"]
[Result "1-0"]
[WhiteTitle "GM"]
[BlackTitle "GM"]
[WhiteElo "2701"]
[BlackElo "2614"]
[WhiteTeam "Ukraine"]
[BlackTeam "Germany"]
[WhiteFideId "14109182"]
[BlackFideId "4667719"]
[EventDate "2013.11.26"]

1. e4 e5 2. Nf3 Nc6 3. Bb5 a6 4. Ba4 Nf6 5. O-O Be7 6. Re1 b5 7. Bb3 d6 8. c3
O-O 9. h3 Nb8 10. d4 Nbd7 11. Nbd2 Bb7 12. Bc2 Re8 13. a4 Bf8 14. Bd3 c6 15. Qc2
g6 16. dxe5 dxe5 17. Nb3 Rc8 18. Bf1 Nb6 19. Na5 Ba8 20. b3 Nbd7 21. b4 Nb6 22.
Bd2 Nxa4 23. c4 Nb6 24. c5 Nbd7 25. Bc3 1-0

[Event "World Teams 2013"]
[Site "Antalya TUR"]
[Date "2013.11.29"]
[Round "4.5"]
[White "Ipatov, Alexander"]
[Black "Giri, Anish"]
[Result "0-1"]
[WhiteTitle "GM"]
[BlackTitle "GM"]
[WhiteElo "2630"]
[BlackElo "2732"]
[WhiteTeam "Turkey"]
[BlackTeam "Netherlands"]
[WhiteFideId "14116731"]
[BlackFideId "24116068"]
[EventDate "2013.11.26"]

1. d4 e6 2. c4 d5 3. Nf3 Nf6 4. Nc3 c6 5. Bg5 Nbd7 6. cxd5 exd5 7. e3 h6 8. Bf4
Nh5 9. Be5 Nxe5 10. Nxe5 Nf6 11. Bd3 Bd6 12. f4 O-O 13. Qf3 c5 14. O-O-O cxd4
15. exd4 Bb4 16. Ne2 Ne4 17. Bxe4 dxe4 18. Qb3 a5 19. Kb1 Ra6 20. g4 Be7 21. f5
b5 22. Nf4 Bg5 23. Rhf1 Rd6 24. Ne2 Ba6 25. Rfe1 Bh4 26. Rg1 b4 27. Qe3 Re8 28.
Rc1 Bg5 29. Nf4 Rxd4 30. Nc6 Rd3 31. Qa7 Qd6 32. Nxd3 Bxd3+ 33. Ka1 Bxc1 34.
Rxc1 e3 35. Nxa5 e2 36. Qg1 Qe5 0-1

[Event "World Teams 2013"]
[Site "Antalya TUR"]
[Date "2013.11.29"]
[Round "4.5"]
[White "Van Wely, Loek"]
[Black "Solak, Dragan"]
[Result "1-0"]
[WhiteTitle "GM"]
[BlackTitle "GM"]
[WhiteElo "2678"]
[BlackElo "2618"]
[WhiteTeam "Netherlands"]
[BlackTeam "Turkey"]
[WhiteFideId "1000268"]
[BlackFideId "916811"]
[EventDate "2013.11.26"]

1. d4 d5 2. c4 c6 3. Nc3 Nf6 4. e3 a6 5. Nf3 b5 6. b3 Bg4 7. Bd2 e6 8. h3 Bf5 9.
g4 Be4 10. g5 b4 11. Nxe4 Nxe4 12. Rg1 Be7 13. Bd3 Nxd2 14. Qxd2 Nd7 15. Rc1 g6
16. h4 a5 17. h5 Bd6 18. Rh1 Ke7 19. c5 Bc7 20. e4 dxe4 21. Bxe4 Qb8 22. Rh4 Qb5
23. Qe2 Rag8 24. Qxb5 cxb5 25. Ke2 f6 26. hxg6 hxg6 27. Rch1 Rxh4 28. Rxh4 Rg7
29. Bc6 Nf8 30. gxf6+ Kxf6 31. Rh8 Ke7 32. Ng5 Bf4 33. Rxf8 Bxg5 34. Re8+ Kf7
35. Ra8 Bf6 36. Kd3 Rh7 37. Ra7+ Be7 38. Bxb5 Rh3+ 39. Ke2 Rh4 40. c6 1-0

[Event "World Teams 2013"]
[Site "Antalya TUR"]
[Date "2013.11.29"]
[Round "4.5"]
[White "Yilmaz, Mustafa"]
[Black "Tiviakov, Sergei"]
[Result "0-1"]
[WhiteTitle "GM"]
[BlackTitle "GM"]
[WhiteElo "2577"]
[BlackElo "2663"]
[WhiteTeam "Turkey"]
[BlackTeam "Netherlands"]
[WhiteFideId "6302718"]
[BlackFideId "1008013"]
[EventDate "2013.11.26"]

1. Nf3 Nf6 2. c4 b6 3. g3 Bb7 4. Bg2 e6 5. O-O Be7 6. d4 O-O 7. Nc3 Na6 8. Bf4
Ne4 9. Nxe4 Bxe4 10. Qa4 Nb8 11. d5 exd5 12. cxd5 Bxd5 13. Rfd1 Bc6 14. Qc2 Na6
15. e4 Bb7 16. Rac1 Re8 17. Nd4 Bf8 18. f3 d5 19. Nc6 Qf6 20. exd5 Bc5+ 21. Kh1
Bxc6 22. dxc6 Nb4 23. Qc3 Qxc3 24. bxc3 Nxc6 25. Bxc7 Rac8 26. Bd6 Bxd6 27. Rxd6
Rc7 28. Rcd1 g6 29. Bf1 Re5 30. Rd7 Rxd7 31. Rxd7 Rc5 32. Rd3 Ne5 33. Rd8+ Kg7
34. f4 Ng4 35. Be2 Nf2+ 36. Kg2 Ne4 37. Rd7 Nxc3 38. Bg4 Nb5 39. Be2 Nc3 40. Bg4
Nb5 41. Be2 a5 42. h4 Nc3 43. Bg4 Rd5 44. Rc7 Rd2+ 45. Kh3 Nd5 46. Rb7 Rd3 47.
Kh2 Re3 48. h5 a4 49. Bd1 Nc3 50. Bg4 b5 51. a3 Re1 52. h6+ Kxh6 53. Rxf7 b4 54.
axb4 a3 55. Bf3 a2 56. g4 g5 0-1

[Event "World Teams 2013"]
[Site "Antalya TUR"]
[Date "2013.11.29"]
[Round "4.5"]
[White "L'Ami, Erwin"]
[Black "Can, Emre"]
[Result "1/2-1/2"]
[WhiteTitle "GM"]
[BlackTitle "GM"]
[WhiteElo "2648"]
[BlackElo "2519"]
[WhiteTeam "Netherlands"]
[BlackTeam "Turkey"]
[WhiteFideId "1007998"]
[BlackFideId "6302181"]
[EventDate "2013.11.26"]

1. d4 Nf6 2. c4 g6 3. Nc3 Bg7 4. Nf3 O-O 5. g3 d6 6. Bg2 Nbd7 7. O-O e5 8. e4 a6
9. dxe5 Nxe5 10. Nxe5 dxe5 11. Bg5 c6 12. Qxd8 Rxd8 13. Na4 Rb8 14. Rfd1 Re8 15.
f3 Be6 16. Bf1 Nd7 17. Be3 b5 18. cxb5 axb5 19. Nc5 Nxc5 20. Bxc5 Red8 21. a3
Bf8 22. Rxd8 Rxd8 23. Be3 Ra8 24. Rc1 Bd7 25. Kf2 Be7 26. Bc5 Kf8 27. Ke3 Bxc5+
28. Rxc5 Ke7 29. Be2 Kd6 30. Rc1 f6 31. h4 Ke7 32. f4 Ra7 33. fxe5 fxe5 34. g4
Ra8 35. g5 Rf8 36. Rf1 Rxf1 37. Bxf1 Be6 38. Kd2 Kd6 39. Kc3 Kc5 40. b3 Kb6 41.
b4 Kc7 42. Be2 Kb6 43. Bd1 Kc7 44. a4 Kb6 45. h5 Ka6 46. h6 Kb6 47. a5+ Kb7 48.
Be2 1/2-1/2

[Event "World Teams 2013"]
[Site "Antalya TUR"]
[Date "2013.11.30"]
[Round "5.1"]
[White "Giri, Anish"]
[Black "Abdel Razik, Khaled"]
[Result "1-0"]
[WhiteTitle "GM"]
[BlackTitle "IM"]
[WhiteElo "2732"]
[BlackElo "2450"]
[WhiteTeam "Netherlands"]
[BlackTeam "Egypt"]
[WhiteFideId "24116068"]
[BlackFideId "10601104"]
[EventDate "2013.11.26"]

1. c4 e5 2. Nc3 Nf6 3. Nf3 d6 4. d4 Nbd7 5. e4 Be7 6. Be2 O-O 7. O-O exd4 8.
Nxd4 Nc5 9. f3 a5 10. b3 Re8 11. Be3 Bf8 12. Qd2 c6 13. Rad1 Qc7 14. Rfe1 Kh8
15. Bf1 Bd7 16. Kh1 Rad8 17. g4 Nxg4 18. fxg4 Bxg4 19. Rc1 Nxe4 20. Nxe4 Rxe4
21. Bg2 Re5 22. Bf4 f6 23. Qc2 Qb6 24. Bxe5 dxe5 25. Nf3 Bb4 26. Red1 Re8 27. h3
Bc8 28. Qe4 f5 29. Qh4 Be7 30. Ng5 h6 31. Qh5 Rf8 32. Nf7+ Kg8 33. Nxh6+ gxh6
34. Qg6+ Kh8 35. Qxh6+ 1-0

[Event "World Teams 2013"]
[Site "Antalya TUR"]
[Date "2013.11.30"]
[Round "5.1"]
[White "Shoker, Samy"]
[Black "Tiviakov, Sergei"]
[Result "1/2-1/2"]
[WhiteTitle "IM"]
[BlackTitle "GM"]
[WhiteElo "2500"]
[BlackElo "2663"]
[WhiteTeam "Egypt"]
[BlackTeam "Netherlands"]
[WhiteFideId "627143"]
[BlackFideId "1008013"]
[EventDate "2013.11.26"]

1. g3 Nf6 2. Bg2 d5 3. Nf3 e6 4. O-O b6 5. d3 Bb7 6. Nbd2 Nbd7 7. c4 Be7 8. b3
O-O 9. Bb2 c5 10. cxd5 Nxd5 11. d4 Rc8 12. a3 cxd4 13. Nxd4 Nc3 14. Bxc3 Bxg2
15. Kxg2 Rxc3 16. Ne4 Rc8 17. Nf3 Nf6 18. Nxf6+ Bxf6 19. Qxd8 Rfxd8 20. Rac1 Kf8
21. g4 Ke7 22. Rfd1 b5 23. Rxd8 Kxd8 24. Rd1+ Ke7 25. g5 Bb2 26. a4 bxa4 27.
bxa4 h6 28. Rb1 Rc2 29. Ne1 Rxe2 30. Kf1 Rd2 31. Nf3 Rc2 32. Ne1 Rd2 33. Nf3 Rc2
34. Ne1 1/2-1/2

[Event "World Teams 2013"]
[Site "Antalya TUR"]
[Date "2013.11.30"]
[Round "5.1"]
[White "Sokolov, Ivan"]
[Black "Amin, Bassem"]
[Result "1-0"]
[WhiteTitle "GM"]
[BlackTitle "GM"]
[WhiteElo "2625"]
[BlackElo "2652"]
[WhiteTeam "Netherlands"]
[BlackTeam "Egypt"]
[WhiteFideId "14400030"]
[BlackFideId "10601457"]
[EventDate "2013.11.26"]

1. d4 Nf6 2. c4 e6 3. Nf3 Bb4+ 4. Bd2 c5 5. Bxb4 cxb4 6. g3 O-O 7. Bg2 a5 8. O-O
d6 9. Qd3 Re8 10. Nbd2 h6 11. Ne1 e5 12. Nc2 Na6 13. a3 exd4 14. axb4 axb4 15.
Qxd4 Qc7 16. Nxb4 Rxe2 17. Nd5 Nxd5 18. cxd5 Bf5 19. Rfc1 Qd7 20. Nc4 Rd8 21.
Ne3 Re8 22. Ra3 Bh3 23. Bf3 Qb5 24. Bxe2 Qxe2 25. Qa4 Re7 26. Qc2 Qf3 27. Qd1
Qf6 28. Qe2 g6 29. Ra4 g5 30. Qh5 Rxe3 31. Qxh3 Re2 32. Rf1 Kg7 33. b4 Qd4 34.
Qd7 Qxd5 35. Ra5 Qe4 36. Rf5 Qe7 37. Qxe7 Rxe7 38. Rb5 Kf6 39. f4 Kg6 40. Rb6
Rd7 41. Rd1 f6 42. b5 Nc5 43. Rdxd6 Rf7 44. f5+ Kg7 45. Rd5 Na4 46. Re6 h5 47.
h3 1-0

[Event "World Teams 2013"]
[Site "Antalya TUR"]
[Date "2013.11.30"]
[Round "5.1"]
[White "Labib, Ibrahim Hasan"]
[Black "L'Ami, Erwin"]
[Result "1/2-1/2"]
[WhiteTitle "IM"]
[BlackTitle "GM"]
[WhiteElo "2411"]
[BlackElo "2648"]
[WhiteTeam "Egypt"]
[BlackTeam "Netherlands"]
[WhiteFideId "10600426"]
[BlackFideId "1007998"]
[EventDate "2013.11.26"]

1. Nf3 Nf6 2. c4 g6 3. Nc3 Bg7 4. e4 d6 5. d4 O-O 6. h3 a6 7. Bf4 c5 8. dxc5 Qa5
9. Bd3 Qxc5 10. O-O Nbd7 11. a3 Qc7 12. Rc1 b6 13. b4 Bb7 14. Qe2 Nh5 15. Bg5 e6
16. Qe3 Rfe8 17. Bh6 Bh8 18. Nh2 Rac8 19. Be2 Nhf6 20. Bf4 Qc6 21. Rfd1 Ne5 22.
b5 Qc7 23. bxa6 Bxa6 24. c5 Bxe2 25. cxd6 Qb7 26. Qxe2 Nfd7 27. Nb5 Rc5 28. Rxc5
bxc5 29. Bxe5 Bxe5 30. Nf3 Bg7 31. Nc7 Rb8 32. a4 Qa7 33. Qc2 Rb2 34. Qc4 Rb4
35. Qa6 Qxa6 36. Nxa6 Rxa4 37. Nxc5 Nxc5 38. d7 Bf6 39. d8=Q+ Bxd8 40. Rxd8+ Kg7
41. e5 Ra1+ 42. Kh2 Ne4 43. Rd4 Nxf2 44. Ng5 h6 45. Nxf7 Kxf7 46. Rf4+ Kg7 47.
Rxf2 Re1 48. g4 Rxe5 49. Rf3 g5 50. Kg3 Ra5 51. h4 Ra7 52. hxg5 hxg5 53. Kg2 Rf7
54. Re3 Kf6 55. Rf3+ Ke7 56. Ra3 Rf4 57. Kg3 Rd4 58. Ra8 Rd8 59. Ra7+ Kf6 60.
Ra3 Rd4 61. Re3 Ra4 62. Re1 Ra3+ 63. Kg2 Rd3 64. Re2 Ke7 65. Re5 Rd5 66. Re3 Kd6
67. Kf3 Rd4 68. Ra3 Ke5 69. Ra5+ Rd5 70. Ra6 Rd3+ 71. Kf2 Rd6 72. Ra5+ Rd5 73.
Ra6 Rc5 74. Ke3 Kd5 75. Kf2 Rb5 76. Ke3 Rc5 77. Kf2 Ke5 78. Kf3 Rc3+ 79. Kf2 Rd3
80. Rb6 Rd6 81. Rb5+ Kf6 82. Kf3 Ra6 83. Rc5 e5 84. Rb5 Ke6 85. Rb8 Ra3+ 86. Ke4
Ra4+ 87. Kf3 Rf4+ 88. Kg3 e4 89. Rg8 Rf3+ 90. Kg2 Ke5 91. Rxg5+ Kf4 92. Rf5+
Kxg4 93. Rxf3 exf3+ 94. Kf2 Kf4 95. Kf1 Kg3 96. Kg1 f2+ 97. Kf1 Kf3 1/2-1/2

[Event "World Teams 2013"]
[Site "Antalya TUR"]
[Date "2013.11.30"]
[Round "5.2"]
[White "Ivanchuk, Vassily"]
[Black "Ipatov, Alexander"]
[Result "1/2-1/2"]
[WhiteTitle "GM"]
[BlackTitle "GM"]
[WhiteElo "2731"]
[BlackElo "2630"]
[WhiteTeam "Ukraine"]
[BlackTeam "Turkey"]
[WhiteFideId "14100010"]
[BlackFideId "14116731"]
[EventDate "2013.11.26"]

1. d4 d5 2. c4 c6 3. e3 Nf6 4. Nc3 g6 5. Nf3 Bg7 6. Bd3 O-O 7. O-O Bg4 8. h3
Bxf3 9. Qxf3 e6 10. Rd1 Nbd7 11. Bd2 a6 12. Rac1 Qe7 13. Be1 Rac8 14. Bf1 Rfd8
15. Qe2 Ne8 16. Rc2 Nd6 17. c5 Nb5 18. f4 f5 19. Nb1 g5 20. g3 Nf6 21. Nd2 Ne4
22. Bg2 Kh8 23. Bxe4 dxe4 24. Nc4 Rg8 25. Kh2 Bf6 26. Ba5 Nc7 27. Bxc7 Rxc7 28.
Qf1 Qg7 29. Rg2 Qh6 30. Ne5 Rcg7 31. Rdd2 Qh5 32. b4 Bxe5 33. dxe5 Rg6 34. Rg1
gxf4 35. exf4 R6g7 36. Rd6 Qe8 37. Qc4 Rg6 38. Qe2 R6g7 39. a4 h5 40. Rdd1 Qg6
41. Qe3 Qh6 42. h4 Qg6 43. Rd6 Qe8 44. Qb3 Re7 45. Re1 Kh7 46. Re3 Rg4 47. Kg2
Qg6 48. Kf2 Rg7 49. Ke2 Rxg3 50. Rxg3 Qxg3 51. Qxg3 Rxg3 52. Rxe6 Rg2+ 53. Ke3
Rg3+ 54. Ke2 Rg2+ 1/2-1/2